000 00873nam a22002897a 4500
001 478
003 FISKH
005 20230428082904.0
008 230428b cb ||||| |||| 00| 0 eng d
020 _a0030562899
020 _a9780805008012
040 _aDLC
_cDLC
_dDLC
_dFISKH
_beng
042 _alcac
050 0 0 _aPZ8.1.D38
_bLi 1980
082 0 0 _a398.2
_aE
_219
100 0 _aDemi.
245 1 0 _aLiang and the magic paintbrush /
_cby Demi.
260 _aNew York :
_bHolt, Rinehart, and Winston,
_c1980.
300 _a16 leaves of plates :
_bcolor illustrations ;
_c21 cm.
505 _aK
520 _aA poor boy who longs to paint is given a magic brush that brings to life whatever he pictures.
521 8 _a580
_bLexile
521 8 _aK
_bRaz-Plus
650 1 _aFolklore
_zChina.
906 _a7
_bcbc
_corignew
_du
_eocip
_f19
_gy-gencatlg
942 _2ddc
_cBK
_n0
999 _c478
_d478